000 00646nam a2200205Ii 4500
003 JO-AjNU
008 230605s9999||||xx |||||||||||||| ||und||
040 _aJO-AjNU
_bara
_erda
_cJO-AjNU
041 _aara
050 1 4 _aKZ6471.2014
100 3 _a العبادلة ، ابراهيم ارشيد ,
_eauthor
_948178
245 0 0 _aالقانون الدولي الانساني
250 _a(د،ط)
264 3 1 _a عمان : د ، ن ، 2014
300 _a229ص
336 _atext
_btxt
_2rdacontent
337 _aunmediated
_bn
_2rdamedia
338 _avolume
_bnc
_2rdacarrier
650 4 _aالقانون الدولي الإنساني
_948179
999 _aA21081
_c24649
_d24649